|
|
|
|
| LEADER |
01339nam a2200301 a 4500 |
| 001 |
7095 |
| 003 |
BD-DhAAL |
| 005 |
20241021181628.0 |
| 008 |
150627s1993 ilua 001 0 eng |
| 010 |
|
|
|a 92080475
|
| 020 |
|
|
|a 0844252883 (pbk.)
|
| 020 |
|
|
|a 9780844252889
|
| 040 |
|
|
|a DLC
|c DLC
|d DLC
|d BD-DhAAL
|
| 050 |
0 |
0 |
|a PN4181
|b .G66 1993
|
| 082 |
0 |
0 |
|a 808.53
|2 20
|
| 100 |
1 |
|
|a Goodnight, Lynn.
|9 12481
|
| 245 |
1 |
0 |
|a Getting started in debate /
|c Lynn Goodnight.
|
| 250 |
|
|
|a Second edition.
|
| 260 |
|
|
|a Lincolnwood, Ill., USA :
|b National Textbook Co. ;
|a New York :
|b McGraw-Hill/Glencoe,
|c c1993.
|
| 300 |
|
|
|a vi, 154 pages :
|b illustrations ;
|c 28 cm
|
| 500 |
|
|
|a Includes index.
|
| 541 |
|
|
|a Donation from the Asia Foundation/Savar Campus Library
|e 7095, 43582
|
| 650 |
|
0 |
|a Debates and debating.
|9 12482
|
| 852 |
|
|
|a Ayesha Abed Library
|
| 942 |
|
|
|2 ddc
|c BK
|
| 999 |
|
|
|c 34846
|d 34846
|
| 952 |
|
|
|0 0
|1 0
|2 ddc
|4 0
|6 808_530000000000000_GOO
|7 0
|9 54527
|a SCL
|b SCL
|c GEN
|d 2015-06-27
|e Gift: The Asia Foundation
|l 2
|m 8
|o 808.53 GOO
|p 3020007095
|r 2019-11-06
|s 2019-09-23
|t 1
|w 2015-06-27
|y BK
|
| 952 |
|
|
|0 0
|1 0
|2 ddc
|4 0
|6 808_530000000000000_GOO
|7 0
|9 76723
|a SCL
|b SCL
|c GEN
|d 2024-10-21
|e Donation from the Asia Foundation/Savar Campus Library
|l 0
|o 808.53 GOO
|p 3020043582
|r 2024-10-21
|t 2
|w 2024-10-21
|y BK
|x Donation from the Asia Foundation/Savar Campus Library
|